| Tag |
First Indicator |
Second Indicator |
Subfields |
| LEADER |
00000cam a2200000 a 4500 |
| 001 |
in00000089859 |
| 005 |
20151008063533.0 |
| 008 |
810601s1980 no a b 10000 eng d |
| 020 |
|
|
|a 8200126544
|
| 035 |
|
|
|a (OCoLC)07465102
|
| 035 |
|
|
|9 AAK2440AM
|
| 040 |
|
|
|a YSM
|c YSM
|d WAU
|d OCL
|d TXA
|d UtOrBLW
|
| 049 |
|
|
|a TXAM
|c [800770]
|
| 090 |
|
|
|a RA791.2
|b .G5
|
| 245 |
0 |
0 |
|a Geomedical aspects in present and future research /
|c editor, J. Lag.
|
| 264 |
|
1 |
|a Oslo :
|b Universitetsforlaget ;
|c [1980]
|
| 264 |
|
2 |
|a Irvington-on-Hudson, N.Y. :
|b Columbia University Press [distributor],
|
| 264 |
|
4 |
|c ©1980
|
| 300 |
|
|
|a 226 pages :
|b illustrations ;
|c 23 cm.
|
| 336 |
|
|
|a text
|b txt
|2 rdacontent
|
| 337 |
|
|
|a unmediated
|b n
|2 rdamedia
|
| 338 |
|
|
|a volume
|b nc
|2 rdacarrier
|
| 500 |
|
|
|a "Symposium arranged by the Norwegian Academy of Science and Letters in collaboration with the Academies of Sciences of Denmark, Finland, Iceland and Sweden and sponsored by the Nordic Culture Fund and the Norwegian Cancer Society"--verso of added title page.
|
| 500 |
|
|
|a Held in Oslo, May 22-23, 1978.
|
| 504 |
|
|
|a Includes bibliographies.
|
| 650 |
|
0 |
|a Medical geography
|v Congresses.
|
| 650 |
|
0 |
|a Environmentally induced diseases
|v Congresses.
|
| 650 |
|
2 |
|a Environmental Health
|x congresses.
|
| 650 |
|
2 |
|a Epidemiology
|x congresses.
|
| 650 |
|
2 |
|a Trace Elements
|x congresses.
|
| 700 |
1 |
|
|a Låg, J.
|q (Jul)
|
| 710 |
2 |
|
|a Norske videnskaps-akademi i Oslo.
|
| 710 |
2 |
|
|a Nordisk kulturfond.
|
| 710 |
2 |
|
|a Landsforeningen mot kreft.
|
| 999 |
|
|
|a MARS
|
| 999 |
f |
f |
|s 5e297736-971c-32f2-9306-86fa69274765
|i 4ab38635-d421-33a6-98a8-557861475d13
|t 0
|
| 952 |
f |
f |
|p ric
|a Texas A&M University
|b Rellis Campus
|c Joint Library Facility
|d Remote Storage
|t 0
|e RA791.2 .G5
|h Library of Congress classification
|i unmediated -- volume
|m A14806228116
|
| 998 |
f |
f |
|a RA791.2 .G5
|t 0
|l Remote Storage
|